000 00319 a2200157 4500
001 57993
020 _a
040 _cAnchieta - Pituba
100 _aLagerlof, Selma
240 1 0 _aDe saga em saga
_lpor
245 1 0 _aDe saga em saga
300 _a252
362 0 _a1971
650 4 _aLiteratura sueca
942 _cBK
999 _c57993
_d57993